000 00347 a2200169 4500
001 46456
020 _a9788526019010
040 _cAnchieta - Aquarius
100 _aFrança, Mary
240 1 0 _a*A pescaria
_lpor
245 1 0 _a*A pescaria
300 _a
362 0 _a2013
440 1 _aGlobal
650 4 _aLiteratura infantil
942 _cBK
999 _c46456
_d46456